| 000 | 00590nam a2200241Ia 4500 | ||
|---|---|---|---|
| 003 | OSt | ||
| 005 | 20220918185809.0 | ||
| 006 | a|||||r|||| 00| 0 | ||
| 007 | ta | ||
| 008 | 220917b |||||||| |||| 00| 0 eng d | ||
| 024 | _a52,808 | ||
| 037 | _cTextual | ||
| 040 |
_aARTS _cARTS _beng |
||
| 041 |
_2eng _aeng |
||
| 082 | _aP13:3, M0 | ||
| 100 |
_aPalmer L R _970292 |
||
| 245 | 0 | _aGreek language | |
| 260 |
_aLondon _bFaber _c1980 |
||
| 300 |
_axii, 355p. _ccm. |
||
| 650 | _aLINGUISTICS | ||
| 942 |
_hP13:3, M0 _cTEXL _2CC |
||
| 999 |
_c182166 _d182166 |
||